The power to learn : helping yourself to college success

Main Author: Campbell
Published: Belmont: Wadsworth Pub. Co., c1997.
Edition:2nd ed.
Series:The Wadsworth college success series
Subjects:
LEADER 00683cam a2200193 7i4500
001 0000012115
005 20030903090000.0
020 0 0 |a 0534263526 (acid-free paper)  
090 0 0 |a LB 2343   |b C187 1997 
100 1 0 |a Campbell  
245 1 4 |a The power to learn :   |b helping yourself to college success   |c William E. Campbell. 
250 0 0 |a 2nd ed. 
260 0 0 |a Belmont:   |b Wadsworth Pub. Co.,   |c c1997. 
300 # # |a xvii, 235 p.:   |b ill.;   |c 24 cm. 
490 0 0 |a The Wadsworth college success series 
504 0 0 |a Includes bibliographical references and index 
650 0 0 |a College student orientation --   |z United States  
650 0 0 |a Study skills  
999 |a 1000386392  |b Book  |c Open Shelf  |e KOLEKSI TERBUKA